000
00343nam a2200133Ia 4500
003
GCL
008
140319s9999 xx 000 0 ara d
040
_a
GCL /
_c
GCL
082
0
4
_a
227.1
_b
u u
245
1
0
_a
علوم القران الكريم
260
_a
[S.N] :
_b
دار الكتاب اللبنانى ،
_c
1979
300
_a
183 ص
490
_a
999
_c
35495
_d
35495